Guess The American Brands! #9 - Statistics

General Stats
  • This quiz has been taken 41 times
  • The average score is 14 of 20
Answer Stats
Picture Answer % Correct
Papa Johns
95%
Skittles
95%
Wendy's
95%
M&M
92%
Spongebob
92%
South Park
87%
Mars
82%
Huggies
79%
Camel
76%
In N Out
68%
Hot Wheels
66%
Carls Jr
61%
Looney Tunes
61%
Doordash
58%
Blu Ray
55%
Jack In The Box
55%
Little Ceasars
42%
Southwest
34%
Safeway
32%
Qualcomm
29%
No matching quizzes found
Score Distribution
Percent of People with Each Score
Percentile by Number Answered
Your Score History
You have not taken this quiz